00846nab a2200181uuc4500001000800000005001700008008004100025035001200066040001300078041000800091100008900099245006100188260001000249505026500259650002100524650003200545773008700577133912220240221091105.0130806s2013 spa  a1339122 ccomduadb aspa10aMoreno Rivas, Álvaro Martín4aut0(isni)0000 0000 4695 88480(viaf)56421200eaut10aTeorías y modelos del ciclo político de los negocios c2013. aContenido: Los modelos del ciclo político de los negocios -- Los modelos oportunistas del ciclo político de los negocios -- Los modelos partidistas del ciclo político -- Evidencia empírica sobre la existencia de ciclos políticos y ciclos partidistas. aCiclos politicos 7aEconomía política2lemb0 tDocumentos de Trabajo (Bogotá)gNo. 45, 2013, p. 1-40w972104x1900-71910379537